000 00593nam a2200217Ia 4500
003 OSt
005 20220926044845.0
006 a|||||r|||| 00| 0
007 ta
008 220923b |||||||| |||| 00| 0 eng d
037 _cGeneral Book
040 _aRTL
_cRTL
_beng
041 _2eng
_aeng
082 _aX4p1:N21, F4
110 _aLeague of Nations
_910770
245 0 _aRecords and texts relating to the general discussions of the conference
260 _c1924
700 _aLeague of Nations
_910771
942 _hX4p1:N21, F4
_cGB
_2CC
999 _c676007
_d676007